000
00307nam a22001337a 4500
003
SGT
020
_a
9789392787492
082
_a
507
_b
SIN
100
_a
SINGH , LAKHAWINDER
245
_a
EMERGING TOOLS & TECHNIQUES IN SCIENCE
260
_a
NEW DELHI
_b
SS BOOKS
_c
2022
300
_a
195
942
_2
ddc
_c
BK
_0
2
999
_c
25199
_d
25199